Cyclisme : les champions français à travers l'histoire (par image) - Statistiques

Statistiques générales
  • Ce quiz a été pris 117 fois
  • Le résultat moyen est 13 sur 24
Statistiques - réponses
Par images Réponse % Correct
Julian Alaphilippe
95%
Romain Bardet
93%
Bernard Hinault
92%
Thibaut Pinot
91%
Jacques Anquetil
87%
Laurent Fignon
87%
Raymond Poulidor
80%
Louison Bobet
77%
Bernard Thévenet
70%
Sylvain Chavanel
62%
Marc Madiot
54%
Lucien Petit-Breton
52%
Julien Absalon
51%
Eugène Christophe
38%
Antonin Magne
37%
André Darrigade
35%
Charly Mottet
34%
Henri Pélissier
34%
Raphaël Geminiani
33%
Gilbert Duclos-Lassalle
32%
Octave Lapize
29%
André Leducq
28%
Roger Rivière
21%
Gilles Delion
13%
Aucun quiz correspondant
Distribution des résultats
% des personnes avec chaque résultat
Percentile par nombre de réponses
Votre historique - résultats
Vous n’avez pas pris ce quiz